| 000 | 00573nam a2200169 a 4500 | ||
|---|---|---|---|
| 001 | 000014798 | ||
| 005 | 20200929163914.0 | ||
| 008 | 100122s2009 dr a 000 0 spa d | ||
| 040 |
_aDO-SdBNP _bspa _cBNPHU |
||
| 082 |
_axxxx _bV712a |
||
| 100 | 1 |
_aVilla Rosa, David _933535 |
|
| 245 | 1 | 0 |
_aAlgo más que palabras / _cDavid Villa Rosa ; revisión Carlos Sosa Ovalles. |
| 260 |
_aSan Francisco de Macorís, República Dominicana : _bRafy, _c2009. |
||
| 300 |
_a112 p. : _bil. ; _c21 cm. |
||
| 500 | _aIncluye datos biográficos del autor en la contracubierta | ||
| 049 | _aBNPD | ||
| 999 |
_c14379 _d14379 |
||